| 000 | 00937cam a22001934a 4500 | ||
|---|---|---|---|
| 005 | 20250605165244.0 | ||
| 008 | 250528s ||||||||||||||||||||||||d | ||
| 035 | _a23589 | ||
| 040 |
_aGR-AtMCL _bgre _dGR-AtMCL _eAACR2 |
||
| 245 | 1 | _aΟ Ρόλος των Δημόσιων Σχέσεων στην Αντιμετώπιση των Κρίσεων. | |
| 260 | _c2011 | ||
| 300 | _a32 | ||
| 520 | _aΟρισμός Δημοσίων Σχέσεων, Έννοια της Κρίσης, Μεθοδολογία Αντιμετώπισης της Κρίσης, Προγραμματισμός, Η συμβολή των Δημοσίων Σχέσεων στην Αντιμετώπιση των Κρίσεων, Συμπεράσματα, Βιβλιογραφία. | ||
| 700 | 1 |
_aΘεοδωρόπουλος Ανδρέας _93878 |
|
| 700 | 1 |
_aΜαθιουλάκη - Κανού Μαρία _99176 |
|
| 942 | _cDS | ||
| 999 |
_c8590 _d8590 |
||